| 000 | 00581nam a22001817a 4500 | ||
|---|---|---|---|
| 005 | 20250616122120.0 | ||
| 010 | _aENG-145377 | ||
| 020 |
_c250.00 _a9781737894339 |
||
| 035 | _aEN-128909 | ||
| 037 | _bDBAD | ||
| 082 |
_a181.499 _21 |
||
| 100 |
_aPandey, Alok _982038 |
||
| 245 |
_aGlory of The Lord: _cAlok Pandey _bas revealed in Savitri/ |
||
| 260 |
_aUSA _bSri Aurobindo Yoga Foundation of North America _c2022 |
||
| 270 |
_bUSA _a631 Vale Drive, Morganville, NJ _e07751 _msayfna@gmail.com |
||
| 300 |
_a143p. _c22cm(hb) |
||
| 942 |
_2ddc _cEN _h181.499 _mPAN _e1 |
||
| 999 |
_c211813 _d211813 |
||